Регионална библиотека "Любен Каравелов" - Русе

Ана (Запис номер 346239)

MARC детайли
000 -Лидер
Контролно поле с фиксирана дължина 01330nam a2200385 c 4500
003 - Код на организацията, давaща контролен номер
Контролно поле BLK
005 - Дата и час на последна редакция
Контролно поле 20241012155458.0
008 - Елементи от данни с фиксирана дължина
fixed length control field 180409b bul|||||r ||||||| ||bul||
010 ## - Наследен системен номер
LC control number KNG00143938000
020 ## - Международен стандартен номер на книга ISBN
Международен стандартен номер на книга ISBN 9789542829973
040 ## - Източник на каталожния запис
Идентификатор на билиотеката - собственик на записа BLK
041 ## - Код за език
Код за езика на текст/звукозапис или на отделно заглавие Български
Код за езика КДБФ Български
072 #7 - Код за тематичната категория
Код организация bullib
Код за тематична категория Н84
Текст Българска художествена литература Н
080 ## - УДК
Текстов определител УДК Българска литература
УДК код - определител по УДК 821.163.2
УДК определител -32
УДК - код + определител 821.163.2-32
100 ## - Редна дума - Автор
Автор Драганова, Мануела
Авторска отговорност авт.
R(LIN) 389356
139 ## - Редно поле
Редна дума Драганова, Мануела
Авторски знак Др - Д 85
245 ## - Сведения за заглавието
Заглавие Ана
Редно поле (дума) Мануела Драганова
257 ## - Страна на издаване
Страна на създаване/издаване България
260 ## - Област на издателските данни
Място на издаване, разпространение и проч. София
Име на издателя, разпространителя и проч. Сиела Норма
Година на издаване 2019
Печатница Алианс Принт
9 (RLIN) 217021
Издателство - префикс ISBN 978-954-28-
300 ## - Физическа характеристика
Страници 330 с.
Размери/Мащаб 21 см
380 ## - Жанр
Жанр Худож. лит.
653 #7 - Ключова дума – ненормативна
9 (RLIN) 195710
Ключова дума Роман
653 #7 - Ключова дума – ненормативна
9 (RLIN) 182641
Ключова дума българска литература
659 ## - Тематичен бюлетин
Тематичен бюлетин Н
700 ## - Други автори (авторска отговорност)
9 (RLIN) 390711
Лично име Писарова, Моника Светославова
Автороска отговорност (Описва отношението между автора и произведението) корица
852 ## - Местоположение
Систематично-азбучна сигнатура П 886.7-32/Д 85
856 4# - Електронен адрес и достъп
Електронен формат pdf - файл
Инструкция (цена за достъп) 0.00
Права за достъп disable
856 4# - Електронен адрес и достъп
Електронен формат pdf - файл
Инструкция (цена за достъп) 0.00
Права за достъп disable
999 ## - СИСТЕМНИ КОНТРОЛНИ НОМЕРА
Koha biblionumber 346239
Koha biblioitemnumber 346239
942 ## - АРТИКУЛИ
Вид на библиотечния материал Книги
Скрит в OPAC Не
Koha issues (borrowed), all copies 52
Периодичен библиозапис Да
944 ## - СЪЗДАВАНЕ И РЕДАКЦИЯ на ЗАПИСА
Създаване/Редакция Създаване
Дата на регистрацията/редакция 12.06.2013
Статус, дата на статуса Галина Якимова
Служител, извършил регистрацията/редакцията 30564
944 ## - СЪЗДАВАНЕ И РЕДАКЦИЯ на ЗАПИСА
Създаване/Редакция Редакция
Дата на регистрацията/редакция 2019-11-06
Статус, дата на статуса 2019-11-06
999 ## - СИСТЕМНИ КОНТРОЛНИ НОМЕРА
Koha biblioitemnumber 346239
999 ## - СИСТЕМНИ КОНТРОЛНИ НОМЕРА
Koha biblioitemnumber 346239
999 ## - СИСТЕМНИ КОНТРОЛНИ НОМЕРА
Koha biblioitemnumber 137959
Наличности
Код за отписване Код за изгубен артикул Източник на класификационната схема Код за повреда Коз за рестрикции Код за отдаване Артикулен № Име на библиотеката - собственик Име на библиотеката, в която се намира в момента Статус (Текущо местоположение) Дата на вписване в системата Местоположение - отдел Цена в лева Систематично азбучна сигнатура Баркод Цена в евро Служебен тип на артикула
  Не е изгубен Universal Decimal Classification Не е повреден без рестрикции заемане за дома 748929 Регионална библиотека "Любен Каравелов" Русе Регионална библиотека "Любен Каравелов" Русе Заемна - подръчен фонд 2019-11-08 Заемна - подръчен фонд 8.95 П 886.7-32/Д 85 120000837724 4.58 Книги
  Не е изгубен Universal Decimal Classification Не е повреден без рестрикции заемане за дома 748930 Регионална библиотека "Любен Каравелов" Русе Регионална библиотека "Любен Каравелов" Русе Количка 2019-11-08 Заемна - подръчен фонд 8.95 П 886.7-32/Д 85 120000837723 4.58 Книги
Vip Innovations Ltd, Rousse, Bulgaria 2025